| 000 | 00484 a2200169 4500 | ||
|---|---|---|---|
| 003 | OSt | ||
| 005 | 20231229120007.0 | ||
| 008 | 231229b |||||||| |||| 00| 0 eng d | ||
| 020 | _a9789355182289 | ||
| 040 | _coclc | ||
| 082 |
_a891.433 _bSHA/P |
||
| 100 |
_aSharma, Kshama _910200 |
||
| 245 |
_aPARANTHA BREAKUP / _cKshama Sharma |
||
| 260 |
_aNew Delhi: _bVani Prakashan, _c2022. |
||
| 300 | _a147p | ||
| 942 |
_2ddc _cBK _h891.433 _i891.433 _k891.433 _m891.433 |
||
| 999 |
_c43618 _d43618 |
||